|
|
|
|
| LEADER |
00946nam a2200253 a 4500 |
| 001 |
12691863 |
| 008 |
091227s2001 ii b 000 0 eng d |
| 010 |
|
|
|a 2002278183
|
| 020 |
|
|
|a 019565286X
|
| 040 |
|
|
|a CUD
|c CUD
|d DLC
|d BD-DhAAL
|
| 082 |
0 |
4 |
|a 616.89
|2 21
|
| 245 |
0 |
0 |
|a Colonialism and psychiatry /
|c edited by Dinesh Bhugra, Roland Littlewood.
|
| 260 |
|
|
|a New Delhi ;
|a New York :
|b Oxford University Press,
|c c2001.
|
| 300 |
|
|
|a viii, 264 p. ;
|c 23 cm.
|
| 504 |
|
|
|a Includes bibliographical references.
|
| 541 |
1 |
|
|e 00013732
|
| 650 |
|
0 |
|a Mental health.
|
| 650 |
|
0 |
|a Imperialism.
|
| 650 |
|
0 |
|a Mental health
|v Cross-cultural studies.
|
| 700 |
1 |
|
|a Bhugra, Dinesh.
|
| 700 |
1 |
|
|a Littlewood, Roland.
|
| 852 |
4 |
|
|a Ayesha Abed Library
|j General Shelf.
|
| 999 |
|
|
|c 7262
|d 7262
|
| 952 |
|
|
|0 0
|1 0
|2 ddc
|4 0
|6 616_890000000000000_COL
|7 0
|9 7604
|a BRACUL
|b BRACUL
|c GEN
|d 2010-01-31
|g 1075.00
|l 2
|m 5
|o 616.89 COL
|p 3010013732
|r 2026-03-29
|s 2026-03-08
|t 1
|w 2010-01-31
|y BK
|